[Event "WC-2020-S-00003"]
[Site "LSS email"]
[Date "2020.06.08"]
[Round "?"]
[White "Sadowski, Marek"]
[Black "Podvoysky, Evgeny"]
[Result "1/2-1/2"]
[WhiteElo "2301"]
[BlackElo "2338"]
[PlyCount "74"]
[EventDate "2020.06.08"]
[EventType "tourn (corr)"]
[EventRounds "12"]
[EventCountry "GER"]
[SourceTitle "Corr 2024"]
[Source "ChessBase"]
[SourceDate "2023.10.19"]
[SourceVersion "1"]
[SourceVersionDate "2023.10.19"]
[SourceQuality "1"]

1. d4 Nf6 2. c4 g6 3. Nc3 Bg7 4. e4 d6 5. Nf3 0-0 6. Be2 Nc6 7. d5 Nb8 8. 0-0 a5 9. Be3 Na6 10. Qd2 Ng4 11. Bg5 Nc5 12. Nd4 h6 13. Bf4 Kh7 14. f3 Nf6 15. Be3 e5 16. dxe6 fxe6 17. Ndb5 b6 18. e5 Ne8 19. exd6 c6 20. Nd4 Nxd6 21. Nxc6 Qc7 22. Nb5 Nxb5 23. cxb5 Bb7 24. Qc2 Bxc6 25. bxc6 Qxc6 26. Bd3 Qe8 27. Bxc5 bxc5 28. Qxc5 Rb8 29. Qxa5 Qd8 30. Qxd8 Rfxd8 31. Bc4 Bxb2 32. Rae1 Rd2 33. Rd1 Bd4+ 34. Kh1 Rxd1 35. Rxd1 e5 36. g3 Rb2 37. h4 h5 1/2-1/2

[Event "WC-2019-Q-00002"]
[Site "LSS email"]
[Date "2019.08.28"]
[Round "?"]
[White "Sadowski, Marek"]
[Black "Pupo Perez, Hector"]
[Result "1/2-1/2"]
[WhiteElo "2297"]
[BlackElo "2252"]
[PlyCount "54"]
[EventDate "2019.09.01"]
[EventType "tourn (corr)"]
[EventRounds "10"]
[EventCountry "GER"]
[SourceTitle "Corr 2024"]
[Source "ChessBase"]
[SourceDate "2023.10.19"]
[SourceVersion "1"]
[SourceVersionDate "2023.10.19"]
[SourceQuality "1"]

1. d4 e6 2. c4 Nf6 3. Nc3 d5 4. cxd5 Nxd5 5. e4 Nxc3 6. bxc3 c5 7. Nf3 cxd4 8. cxd4 Bb4+ 9. Bd2 Bxd2+ 10. Qxd2 0-0 11. Bc4 b6 12. d5 Ba6 13. Bxa6 Nxa6 14. d6 f6 15. 0-0 e5 16. Nh4 Qd7 17. f4 Rae8 18. Rad1 Nc5 19. Nf3 exf4 20. Rfe1 h6 21. e5 Re6 22. exf6 Rfxf6 23. Rxe6 Rxe6 24. Qd5 Kh8 25. h3 Re2 26. Kh2 Kh7 27. Qh5 Re3 1/2-1/2

[Event "WC-2018-T-00001"]
[Site "LSS email"]
[Date "2018.11.28"]
[Round "?"]
[White "Sadowski, Marek"]
[Black "Dolgov, Igor"]
[Result "1/2-1/2"]
[WhiteElo "2288"]
[BlackElo "2541"]
[PlyCount "77"]
[EventDate "2018.12.03"]
[EventType "tourn (corr)"]
[EventRounds "10"]
[EventCountry "GER"]
[SourceTitle "Corr 2022"]
[Source "ChessBase"]
[SourceDate "2021.10.24"]
[SourceVersion "1"]
[SourceVersionDate "2021.10.24"]
[SourceQuality "1"]

1. d4 d5 2. c4 c6 3. Nf3 Nf6 4. Nc3 dxc4 5. a4 Bf5 6. Ne5 Nbd7 7. Nxc4 Qc7 8. g3 e5 9. dxe5 Nxe5 10. Bf4 Nfd7 11. Bg2 g5 12. Ne3 gxf4 13. Nxf5 0-0-0 14. Qc2 Nc5 15. 0-0 fxg3 16. hxg3 a5 17. Rfd1 h5 18. Rxd8+ Qxd8 19. Rd1 Qf6 20. Bh3 Kb8 21. Ne4 Nxe4 22. Qxe4 Bc5 23. e3 Ka7 24. Kg2 Ng4 25. b3 Rg8 26. Bxg4 hxg4 27. Rd7 Rg5 28. Ne7 Bxe7 29. Qxe7 Qxe7 30. Rxe7 Rd5 31. Rxf7 Rd3 32. Rf5 b6 33. Rf7+ Kb8 34. f3 gxf3+ 35. Kxf3 Rxb3 36. g4 Rb1 37. Kf2 Rb2+ 38. Kg3 Rb1 39. g5 1/2-1/2

[Event "WC-2018-T-00001"]
[Site "LSS email"]
[Date "2018.11.28"]
[Round "?"]
[White "Sadowski, Marek"]
[Black "Kuhne, Detlev"]
[Result "1/2-1/2"]
[WhiteElo "2288"]
[BlackElo "2469"]
[PlyCount "54"]
[EventDate "2018.12.03"]
[EventType "tourn (corr)"]
[EventRounds "10"]
[EventCountry "GER"]
[SourceTitle "Corr 2022"]
[Source "ChessBase"]
[SourceDate "2021.10.24"]
[SourceVersion "1"]
[SourceVersionDate "2021.10.24"]
[SourceQuality "1"]

1. d4 Nf6 2. c4 g6 3. Nc3 Bg7 4. e4 d6 5. Nf3 0-0 6. Be2 e5 7. 0-0 Nc6 8. d5 Ne7 9. Ne1 Nd7 10. Be3 f5 11. f3 f4 12. Bf2 g5 13. Rc1 Ng6 14. c5 Nxc5 15. b4 Na6 16. Nd3 h5 17. Nb5 Bd7 18. a4 Bh6 19. Rc3 b6 20. Be1 Rf7 21. Nf2 Bc8 22. Rc4 Nf8 23. Bd2 Nh7 24. Kh1 Bd7 25. Rg1 Kh8 26. Rc3 Qg8 27. Qf1 Qd8 1/2-1/2

[Event "WC-2018-T-00001"]
[Site "LSS email"]
[Date "2018.11.28"]
[Round "?"]
[White "Ulasevich, Sergey"]
[Black "Sadowski, Marek"]
[Result "1-0"]
[WhiteElo "2528"]
[BlackElo "2288"]
[PlyCount "89"]
[EventDate "2018.12.03"]
[EventType "tourn (corr)"]
[EventRounds "10"]
[EventCountry "GER"]
[SourceTitle "Corr 2022"]
[Source "ChessBase"]
[SourceDate "2021.10.24"]
[SourceVersion "1"]
[SourceVersionDate "2021.10.24"]
[SourceQuality "1"]

1. e4 c5 2. Nf3 d6 3. d4 cxd4 4. Nxd4 Nf6 5. Nc3 a6 6. h3 e6 7. g4 h6 8. Bg2 Be7 9. Qd3 0-0 10. g5 hxg5 11. Bxg5 d5 12. 0-0-0 dxe4 13. Qc4 Nbd7 14. Rhg1 Ne5 15. Qe2 Qc7 16. Bxe4 Rd8 17. Bh6 Bf8 18. Bg5 Be7 19. Bh6 Bf8 20. h4 Qc5 21. Bg5 Be7 22. Nb3 Rxd1+ 23. Rxd1 Qc7 24. f4 Nxe4 25. Qxe4 Ng6 26. h5 Bxg5 27. fxg5 Nf8 28. h6 Qg3 29. Nd2 Qxg5 30. hxg7 Ng6 31. Qf3 e5 32. Nce4 Qf5 33. Qb3 Qh3 34. Qb6 Be6 35. Ng5 Qf5 36. Nde4 Kxg7 37. Qxb7 Rh8 38. b3 Rh4 39. Kb2 Rg4 40. Nxe6+ Qxe6 41. a4 Rf4 42. Nc5 Qe8 43. Rd8 Qe7 44. Qxe7 Nxe7 45. Nxa6 1-0

[Event "WC-2018-P-00017"]
[Site "LSS email"]
[Date "2018.01.22"]
[Round "?"]
[White "Degn, Bruci"]
[Black "Sadowski, Marek"]
[Result "1/2-1/2"]
[WhiteElo "1930"]
[BlackElo "2283"]
[PlyCount "119"]
[EventDate "2018.02.01"]
[EventType "tourn (corr)"]
[EventRounds "12"]
[EventCountry "GER"]
[SourceTitle "Corr 2022"]
[Source "ChessBase"]
[SourceDate "2021.10.24"]
[SourceVersion "1"]
[SourceVersionDate "2021.10.24"]
[SourceQuality "1"]

1. Nf3 Nf6 2. g3 d5 3. Bg2 c5 4. 0-0 e6 5. c4 d4 6. e3 Nc6 7. exd4 cxd4 8. d3 Bd6 9. a3 a5 10. Bg5 h6 11. Bxf6 Qxf6 12. Nbd2 Qe7 13. Re1 0-0 14. Rc1 Rd8 15. Ne4 Bc7 16. c5 Bd7 17. Qe2 a4 18. Rc4 Be8 19. Qc2 Na5 20. Rxa4 Bxa4 21. Qxa4 Nc6 22. Qc2 Ra5 23. Nfd2 Ne5 24. Nc4 Nxc4 25. Qxc4 b5 26. Qc1 Rc8 27. b4 Ra7 28. f4 Qd7 29. Nd2 Bd8 30. Nb3 Ra6 31. h4 Rc7 32. Qb2 Rca7 33. Ra1 Qc7 34. h5 Qd7 35. Be4 e5 36. f5 Qe7 37. Kg2 Qc7 38. Nd2 Qe7 39. Qb3 Qe8 40. Bf3 Bg5 41. Ne4 Be7 42. g4 Kh8 43. f6 Bxf6 44. Nd6 Rxd6 45. cxd6 e4 46. Bxe4 Qd7 47. Kh3 Qxd6 48. Qc2 g6 49. hxg6 Qf4 50. Qc8+ Kg7 51. Qf5 Qe3+ 52. Kg2 Bh4 53. Qe5+ Bf6 54. Qb8 Rd7 55. gxf7 Rxf7 56. Qg3 Bg5 57. Ra2 Qc1 58. Qe5+ Kg8 59. Bf5 Be3 60. Qe4 1/2-1/2

[Event "WC-2018-P-00017"]
[Site "LSS email"]
[Date "2018.01.22"]
[Round "?"]
[White "Sadowski, Marek"]
[Black "Martins, Karin"]
[Result "1-0"]
[WhiteElo "2283"]
[BlackElo "1768"]
[PlyCount "69"]
[EventDate "2018.02.01"]
[EventType "tourn (corr)"]
[EventRounds "12"]
[EventCountry "GER"]
[SourceTitle "Corr 2022"]
[Source "ChessBase"]
[SourceDate "2021.10.24"]
[SourceVersion "1"]
[SourceVersionDate "2021.10.24"]
[SourceQuality "1"]

1. d4 Nf6 2. c4 g6 3. Nc3 d5 4. cxd5 Nxd5 5. e4 Nxc3 6. bxc3 Bg7 7. Nf3 c5 8. Rb1 0-0 9. Be2 cxd4 10. cxd4 b6 11. 0-0 Bb7 12. d5 Qd6 13. Qb3 Rc8 14. Ba3 Qf4 15. Qb4 Bf6 16. Rfe1 Nd7 17. g3 Qc7 18. Rbc1 Qd8 19. Bc4 Nc5 20. Qd2 Qf8 21. h4 Bh8 22. h5 Bg7 23. hxg6 hxg6 24. Ng5 Bh6 25. f4 Ba6 26. e5 Bxc4 27. Rxc4 a5 28. e6 f6 29. Nf7 Ra7 30. Bxc5 bxc5 31. Qh2 Bg7 32. f5 g5 33. Qh5 Qe8 34. Kf2 Rb8 35. Rh1 1-0